000 00829nam a22002057a 4500
005 20100511103159.0
008 100511t xxu||||| |||| 00| 0 eng d
020 _a9380018029
_c225.00
037 _bPUB
040 _aDPL
100 _aAgarwal, Radharaman
245 _aModern english grammar & vocabulary usage /
_cby Radharaman Agarwal and Priyanka Choudhary
260 _aJaipur
_bShyam Prakashan
_c2009
270 _aGeetanjali Aparment, 1926, Nataniyon ka rasta
_bJaipur
_e302003
300 _avii, 386p. :
_c23 cm.(Pbk)
700 _aChoudhary, Priyanka
942 _2ddc
_cEN
_mAGA
999 _c35907
_d35907